Statistics for 与巴西接壤的国家

Click here to take the quiz!

General Stats

  • This quiz has been taken 82 times
  • The average score is 9 of 10

Answer Stats

边界长度
(千米)
国家% Correct
1,224阿根廷
97%
985乌拉圭
96%
1,290巴拉圭
95%
1,643哥伦比亚
92%
3,400玻利维亚
91%
2,200委内瑞拉
91%
1,119圭亚那
90%
1,560秘鲁
89%
597苏里南
86%
673法国
76%

Score Distribution

Percentile by Number Answered

Percent of People with Each Score

Your Score History

You have not taken this quiz